000 00556nam a22001457a 4500
008 140827b xxu||||| |||| 00| 0 eng d
020 _a0406091773
050 _aKD275.4.L39(1902)
245 _aThe Law Reports, Appeal Cases of the Incorporated Council of Law Reporting(1902): House of Lords, Judicial Committee of the Privy Council and Peerage Cases. /
_cedited by Frederick Pollock
260 _aLondon:
_bButterworth & Co. Ltd,
_c1902.
300 _axii, 596p.
_c24cm.
440 _pAppeal cases, 1902.
700 _aPollock, Frederick
942 _2lcc
_cBK
999 _c3759
_d11259